| 000 | 01126nam a2200253Ia 4500 | ||
|---|---|---|---|
| 999 |
_c5461 _d5461 |
||
| 003 | OSt | ||
| 005 | 20200610114734.0 | ||
| 008 | 191128s1983 ck gr 000 0dspa d | ||
| 040 |
_aCO-JMCR _cCO-JMCR |
||
| 041 | 0 | _aspa | |
| 082 | 0 | 4 |
_a330.122 / _b K145d _223 |
| 100 | 1 |
_aKalmanovitz, Salomón, _eautor _95368 |
|
| 245 | 1 | 3 |
_aEl desarrollo tardío del capitalismo : _bun enfoque crítico de la teoría de la dependencia / _cSalomón Kalmanovitz |
| 250 | _aPrimera edición | ||
| 260 |
_aBogotá : _bSiglo veintiuno : Universidad Nacional de Colombia, _c1983 |
||
| 300 |
_a285 páginas ; _c20 cm. |
||
| 490 | 0 | _aEconomía y demografía | |
| 500 | _aIncluye datos biográficos del autor en la cubierta. | ||
| 505 | _aCuestiones de método en la teoría del desarrollo -- Precapitalismo y capitalismo en América Latina -- Un modelo simple de acumulación y población -- Una economía cerrada -- Una economía abierta -- Notas sobre intercambio desigual | ||
| 650 | 1 | 4 |
_aCapitalismo _xHistoria _95369 |
| 650 | 2 | 4 |
_aAmérica Latina _95370 |
| 650 | 2 | 4 |
_aPolítica económica _xIntercambio Economía _95371 |
| 942 |
_2ddc _cBK |
||